000 00449nam a22001817a 4500
003 OSt
005 20140310181950.0
008 121122t xxu||||| |||| 00| 0 eng d
020 _a059039777X
050 _aPZ 7
_b.St859 1998
082 _aKF
_bSt5gg #1
245 _aInto the Jaws of Doom /
_cR.L. Stine
260 _aNew York
_bScholastic Inc.
_c1998
300 _a 238 p. ;
_c20 cm.
541 _j1
562 _e1
942 _2lcc
_cBK-KF
_kKF
999 _c7844
_d7844